| 000 | 00764cab a2200205 4500 | ||
|---|---|---|---|
| 001 | WB2738-15 | ||
| 008 | 090401t1991 xxu||||| |||| 00| 0 eng d | ||
| 035 | _a(Sirsi) u1513 | ||
| 041 | _aeng | ||
| 245 | _aLife fund investment up | ||
| 260 | _c1991 | ||
| 350 | _a0 | ||
| 490 |
_aChartered Surveyor Weekly _v37(1) 3 October 1991, 11(1) |
||
| 520 | _aNet property investment by the life funds in the second quarter of this year amounted to £373m, an increase of 23% on the previous quarter and three times that of the same quarter last year, according to Hillier Parker. | ||
| 650 | _aINSTITUTIONAL INVESTMENT | ||
| 650 | _aSTATISTICS | ||
| 690 | _aPROPERTY-COMMERCIAL PROPERTY-COMMERCIAL PROPERTY FINANCE AND INVESTMENT | ||
| 942 | _n0 | ||
| 948 | _c04/03/1997 | ||
| 999 |
_c848 _d848 |
||